Stavebno - technologický projekt: "Predajné a servisné priestory automobilovej spoločnosti"

Saved in:
Bibliographic Details
Main Author: Masár, Marcel (Author)
Other Authors: Hanko, Martin (Thesis advisor)
Format: Manuscript Book
Language:Slovak
Published: 2023
Subjects:
Online Access:http://is.stuba.sk/zp/portal_zp.pl?podrobnosti=171251
https://opac.crzp.sk/?fn=detailBiblioForm&sid=C0DEB8E07572332BAC270F15805F
Tags: Add Tag
No Tags, Be the first to tag this record!

MARC

LEADER 00000ntm a22000003a 4500
001 stuzp94198
003 SK-STU
005 20230919120252.2
007 ta
008 150427s2015----xo-----f-mn---000-0-slo-d
040 |a STU  |b slo 
041 0 |a slo 
100 1 |a Masár, Marcel  |u 010270  |4 aut  |U SvF Stavebná fakulta  |T SvF Katedra technológie stavieb  |X 97685  |U V270  |Y 28  |7 97685 
242 0 1 |a Building technology project  |y eng 
245 1 0 |a Stavebno - technologický projekt: "Predajné a servisné priestory automobilovej spoločnosti" 
260 |c 2023 
650 4 |a Zariadenie staveniska  |2 slo 
650 4 |a Časový plán  |2 slo 
650 4 |a CFA pilóty  |2 slo 
650 4 |a Construction site equipment  |2 eng 
650 4 |a timetable  |2 eng 
650 4 |a CFA pilots  |2 eng 
700 1 |a Hanko, Martin  |u 010270  |k Z8  |4 ths  |U SvF Stavebná fakulta  |T SvF Katedra technológie stavieb  |X 49405  |U V270  |Y 28  |7 A000049405 
856 4 |u http://is.stuba.sk/zp/portal_zp.pl?podrobnosti=171251 
856 4 |u https://opac.crzp.sk/?fn=detailBiblioForm&sid=C0DEB8E07572332BAC270F15805F